| 000 | 01018nac a22003617a 4500 | ||
|---|---|---|---|
| 001 | BR0304074 | ||
| 003 | BR-BrBNA | ||
| 005 | 20240105122846.0 | ||
| 008 | 230509b bl.|||m| |||| 00| 0 por d | ||
| 040 |
_aBR-BrBNA _bpor _cBiblioteca Nacional de Agricultura |
||
| 072 | _aF70 | ||
| 090 | _a3295 BR0304074 | ||
| 100 | 1 | _aCarvalho, P.E.R. | |
| 110 | 1 | _aEMBRAPA Florestas, Colombo, PR (Brasil) | |
| 245 | 1 | _aCanafístula | |
| 260 | 3 |
_aColombo, PR (Brasil): _c2002. |
|
| 300 | _a15 p. | ||
| 490 |
_aCircular Técnica - EMBRAPA Florestas (Brazil) _vno. 64 _xISSN 1517-5278 |
||
| 500 | _aBibliography p. 7-15 | ||
| 650 | _aCANAFÍSTULA | ||
| 650 | _aTAXONOMIA VEGETAL | ||
| 650 | _aPRODUÇÃO FLORESTAL | ||
| 650 | _aBIOLOGIA VEGETAL | ||
| 650 | _aFENOLOGIA | ||
| 650 | _aCLIMA | ||
| 650 | _aSOLO | ||
| 650 | _aSEMENTE | ||
| 650 | _aNUTRIÇÃO VEGETAL | ||
| 650 | _aMUDA | ||
| 650 | _aMELHORAMENTO GENÉTICO VEGETAL | ||
| 909 |
_a202312 _bLúcia Elande _c55 _dLúcia Elande |
||
| 942 |
_2AGRIS _n0 _cMS |
||
| 999 |
_c293081 _d293081 |
||